Rap Group Members - Statistics

General Stats
  • This quiz has been taken 128 times
  • The average score is 17 of 56
Answer Stats
Answer Box % Correct
Ice Cube
92%
Dr. Dre
87%
Eazy E
87%
Andre 3000
84%
RZA
73%
Ghostface Killa
71%
MC Ren
71%
Big Boi
70%
Method Man
70%
GZA
69%
Ol' Dirty Bastard
68%
DJ Yella
62%
Raekwon the Chef
62%
Inspectah Deck
50%
U-God
50%
Q-Tip
49%
Prodigy
48%
Masta Killa
43%
Flava Flav
41%
Phife Dawg
38%
Chuck D
36%
Havoc
36%
Cappadonna
34%
B-Real
31%
Arabian Prince
29%
Krayzie Bone
27%
Bizzy Bone
23%
Layzie Bone
23%
Cee-Lo
22%
Ali Shaheed Muhammad
19%
Sen Dog
17%
Jarobi White
16%
Wish Bone
15%
DJ Muggs
14%
Flesh-n-Bone
14%
Luke
13%
Fatlip
12%
Big Gipp
10%
Eric Bobo
10%
Khujo
9%
T-Mo
8%
Slimkid3
7%
Bootie Brown
5%
Imani
5%
Fresh Kid Ice
4%
Brother Marquis
3%
Buff Love
3%
Prince Markie Dee
3%
Wildstyle
3%
Amazing V.
2%
Coldhard
2%
Kilo
2%
Kool Rock-Ski
2%
Mr. Mixx
2%
Never
2%
Verb
2%
No matching quizzes found
Score Distribution
Percent of People with Each Score
Percentile by Number Answered
Your Score History
You have not taken this quiz